000 00886nas a2200277 4500
001 BR0603622
003 BR-BrBNA
005 20231205110238.0
007 ta
008 230509b bl.|||p| |||| 00| 00por d
040 _aBR-BrBNA
_bpor
_cBiblioteca Nacional de Agricultura
041 _a(Pt)
072 _aF02
100 1 _aBastos, D.C.
100 1 _aScarpare Filho, J.A.
100 1 _aFatinansi, J.C.
100 1 _aPio, R.
245 1 _aEstiolamento, incisão na base da estaca e uso de AIB no enraizamento de estacas herbáceas de caramboleira
650 _aCARAMBOLA
650 _aPROPAGAÇÃO VEGETATIVA
650 _aENRAIZAMENTO DE ESTACA
650 _aÁCIDO INDOLBUTÍRICO
773 0 _tRevista Brasileira de Fruticultura (Brazil)
_xISSN 0100-2945
_g(Aug 2005), v. 27(2) p. 281-284
_wBR0603622
909 _a202311
_bLúcia
_c55
_dLúcia Elande
942 _2AGRIS
_n0
_cANA
999 _c186662
_d186662